UM Logo

The modern day exorcist/ (Record no. 1140)

MARC details
000 -LEADER
fixed length control field 00428nam a22001457a 4500
008 - FIXED-LENGTH DATA ELEMENTS--GENERAL INFORMATION
fixed length control field 160224b xxu||||| |||| 00| 0 eng d
082 ## - DEWEY DECIMAL CLASSIFICATION NUMBER
Edition number 2012
Classification number DC 133.427
Item number Ok1m
100 ## - MAIN ENTRY--PERSONAL NAME
9 (RLIN) 3202
Personal name Okawa, Ryuho
245 ## - TITLE STATEMENT
Title The modern day exorcist/
Statement of responsibility, etc. Ryuho Okawa.
260 ## - PUBLICATION, DISTRIBUTION, ETC. (IMPRINT)
Place of publication, distribution, etc. Tokyo, Japan :
Name of publisher, distributor, etc. Happy Science,
Date of publication, distribution, etc. c2012.
300 ## - PHYSICAL DESCRIPTION
Extent 71 pages ;
Dimensions 21 cm.
650 #0 - SUBJECT ADDED ENTRY--TOPICAL TERM
9 (RLIN) 3203
Topical term or geographic name as entry element Exorcism
650 #0 - SUBJECT ADDED ENTRY--TOPICAL TERM
9 (RLIN) 3204
Topical term or geographic name as entry element Exorcism
General subdivision Biography.
942 ## - ADDED ENTRY ELEMENTS (KOHA)
Source of classification or shelving scheme Dewey Decimal Classification
Koha item type Circulation
Holdings
Withdrawn status Lost status Source of classification or shelving scheme Damaged status Not for loan Collection code Home library Current library Date acquired Source of acquisition Total Checkouts Full call number Barcode Date last seen Copy number Price effective from Koha item type
    Dewey Decimal Classification     Circulation UM Digos College - LIC UM Digos College - LIC 01/20/2015 Purchased   DC 133.427 Ok1m 2012 23944 05/15/2025 1 02/24/2016 Circulation